000 00611cam a22002293a 4500
001 20021
003 PGUSA
005 20140828083426.0
008 061205s2006||||xxu|||||s|||||000 | eng d
040 _aPGUSA
_beng
042 _adc
050 4 _aPN
245 1 0 _aSuomalaisia sananlaskuja
_h[electronic resource]
260 _bProject Gutenberg,
_c2006
506 _aPublic domain in the USA.
516 _aElectronic text
653 _aProverbs, Finnish
700 1 _aLönnrot, Elias,
_d1802-1884
830 0 _aProject Gutenberg
_v20021
856 4 0 _uhttp://www.gutenberg.org/ebooks/20021
942 _cEB
999 _c249276
_d249276